লোডিং...

Objectives computer science & informaton technology

গ্রন্থ-পঞ্জীর বিবরন
প্রধান লেখক: Mithal, G K
অন্যান্য লেখক: Bansal, P K
বিন্যাস: Printed Book
ভাষা:English
প্রকাশিত: Roorkee C L Media 2013
বিষয়গুলি:
LEADER 00718 a2200193 4500
005 20151026133330.0
008 140409b xxu||||| |||| 00| 0 eng d
020 |a 9788183552103 
080 |a (079.1):004  |b MIT R 
100 |a Mithal, G K  
245 |a Objectives   |b computer science & informaton technology  |c G K Mithal and P K Bansal 
260 |c 2013  |b C L Media  |a Roorkee 
300 |a Various pagination 
653 |a Computer science - Competitive examination 
653 |a Information technology - Competitive examination 
700 |a Bansal, P K 
942 |c REF  |6 _ 
999 |c 68486  |d 68486 
952 |0 0  |1 0  |2 udc  |4 0  |6 0791004_MITR  |7 0  |9 80595  |a UL  |b UL  |c REF  |d 2014-04-09  |o (079.1):004 MIT R  |p 00070852  |r 2014-04-09  |w 2014-04-09  |y REF